000 00943nam a2200241 a 4500
001 BRCA_8998
005 20190320210503.0
008 140717s1793----sp-#######---#000-0#spa-#
041 _aspa
044 _asp
084 _aLM28
_b.B46 1793
100 1 _aCide Hanete Benengeli
_922331
245 1 0 _aLa moral del mas famoso escudero Sancho Paz, con arreglo a la historia que del mas Hidalgo Manchego Don Quixote de la Mancha
_bescribió Cide Hamete Benengeli.
260 _aMadrid
_bEn la Imprenta Real
_c1793
300 _a248 p.
_c15.5 x 10.5 cm
500 _aCon licencia
500 _aEstado físico: presenta encuadernación en pergamino con lomo semi desprendido
600 1 4 _aCervantes Saavedra, Miguel de
_d1547-1616
_xPersonajes
_912271
600 1 4 _aCervantes Saavedra, Miguel de
_d1547-1616
_tDon Quijote de la Mancha
_xPersonajes
_922332
650 1 4 _aPanza, Sancho (Personaje ficticio)
_922333
902 _aCFM
942 _2lcc
_cB
999 _c8649
_d8649